It's ok!!.

Guardat en:
Dades bibliogràfiques
Format: Llibre
Idioma:italià
Publicat: Bologna : Renbooks, 2013
Etiquetes: Afegir etiqueta
Sense etiquetes, Sigues el primer a etiquetar aquest registre!

MARC

LEADER 00000nam a22000007i 4500
001 IT\ICCU\UBO\4180965
003 ItRI
005 20260116090649.0
008 160502s2013 it |||||| ||||| |||||c
040 |b ita  |c ct 
041 7 |a ita  |2 ISO-639-2 
245 0 0 |a It's ok!!. 
260 |a Bologna :  |b Renbooks,  |c 2013 
300 |a 1 volume :  |b ill. ;  |c 21 cm 
500 |a Sulla cop.: fumetti contro bullismo e omofobia. 
942 |2 ddc  |c BK 
952 |0 0  |1 0  |2 ddc  |4 0  |6 741_500000000000000_INU_ITS  |7 1  |9 28  |a GE  |b GE  |d 2015-11-23  |l 0  |o 741.5 INU ITS  |p 2531  |r 2023-10-31 22:29:41  |w 2023-10-31  |y BK  |z Donazione Emanuele Reggio 
952 |0 0  |1 0  |2 ddc  |4 0  |6 741_500000000000000_INU_ITS  |7 1  |9 4090  |a AO  |b AO  |d 2025-05-01  |l 0  |o 741.5 INU ITS  |p 11267  |r 2025-05-01 17:29:56  |w 2025-05-01  |x Di proprietà di Giulio Gasperini  |y BK 
952 |0 0  |1 0  |4 0  |6 F_741_595000000000000_ITS  |7 0  |9 22199  |a BO  |b BO  |d 2026-01-15  |i 17734  |l 0  |o F 741.595 ITS  |p BO17734  |r 2026-01-15 23:22:22  |w 2026-01-15  |x [Sebina 5] [1 v.]  |y BK  |z 1 v. 
952 |0 0  |1 0  |4 0  |6 F_741_595000000000000_ITS  |7 0  |9 22200  |a BO  |b BO  |d 2026-01-15  |i 17735  |l 0  |o F 741.595 ITS  |p BO17735  |r 2026-01-15 23:22:22  |w 2026-01-15  |x [Sebina 5] [1 v.]  |y BK  |z 1 v. (2. copia) 
981 1 |6 z01  |a i   |b xxxe  
982 1 |6 z01  |a n 
999 |c 26  |d 26